Statistics for Brazilian states

Click here to take the quiz!

General Stats

  • This quiz has been taken 581 times
    (534 since last reset)
  • The average score is 20 of 27

Answer Stats

Answer% Correct
são paulo
92%
amazonas
89%
pará
89%
rio de janeiro
86%
mato grosso
85%
acre
83%
rio grande do sul
83%
minas gerais
81%
bahia
80%
santa catarina
78%
paraná
76%
mato grosso do sul
75%
rio grande do norte
75%
espírito santo
73%
pernambuco
72%
rondônia
69%
goiás
68%
amapá
67%
ceará
67%
roraima
67%
tocantins
67%
distrito federal
61%
sergipe
61%
alagoas
58%
maranhão
57%
paraíba
56%
piauí
56%

Score Distribution

Percentile by Number Answered

Percent of People with Each Score

Your Score History

You have not taken this quiz since the last reset